1011 1622 1587 1283 1117 1292 1801 1977 1039 1972 1057 1407 1062 1884 1267 1516 1105 1337 1271 1351 1768 1097 1303 1997 1222 1908 1643 1884 1712 1366 1895 1257 1019 1692 1214 1679 1687 1551 1850 1332 1515 1351 1555 1864 1002 1247 1111 1898 1098 1421 1633 1294 1876 1309 1392 1797 1882 1065 1382 1704 1158 1282 1455 1400 1770 1866 1921 1723 1005 1521 1673 1305 1465 1992 1299 1232 1646 1727 1695 1655 1948 1868 1680 1665 1622 1083 1504 1850 1759 1817 1536 1516 1563 1283 1370 1722 1458 1186 1178 BCNSPRNW ULIB Ver.6.0+V

เปลี่ยนเป็นภาษาไทย

Change to English
 แสดงรายละเอียดบรรณานุกรม
  กลับหน้าหลัก

Brief Record : Get Marc (ISO 2709) : E-mail record : QR code < ปิดหน้าต่าง
LEADER : 00000nam 2200000uu 4500
001    13399126126
003     ULIB
008    020711s2006 th a 000 0 eng d
020    ^a9781107699083
050    ^aPE1128^bG35C
100    ^aGear, Jolene and Gear Robert.
245    ^aCambridge Preparation for the TOEFL Test/^bGear, Jolene and Gear Robert.
250    ^a4th ed
260    ^aNew York :^bCambridge University Press,^c2006
300    ^a661 pages;^b30 cm
650    ^aTest of English as a Foreign Language-Study guides
945    ^p1376^l0^i004220
945    ^p1376^l0^i004221
999    ^aประนอม เกษจรัล
รายการนี้ยังไม่มีแท็ก
คุณยังไม่ได้ล็อกอิน คุณสามารถมีกิจกรรมร่วมกับเว็บไซต์ได้ แต่ต้องล็อกอินก่อน ::
  ล็อกอิน

รายการสื่อสารสนเทศ

ลำดับที่ ประเภท เลขเรียก/บาร์โค้ด สถานที่ สถานะ
1. วิทยาศาสตร์การแพทย์ และสุขภาพ
หนังสือสำรอง
สถานะ=หนังสือสำรอง
PE1128 G35C ฉ.1 
  Barcode: 004220
ห้องสมุดวิทยาเขตสวรรค์ประชารักษ์
►หนังสือทั่วไป
ถูกยืม กำหนดส่งวันที่ 16 ธันวาคม 2568
  จอง
2. วิทยาศาสตร์การแพทย์ และสุขภาพ
วิทยาศาสตร์การแพทย์ และสุขภาพ
PE1128 G35C ฉ.2 
  Barcode: 004221
ห้องสมุดวิทยาเขตสวรรค์ประชารักษ์
►หนังสือทั่วไป
บนชั้น

รายการใกล้เคียง
    หัวเรื่อง [Test of English as a Foreign Language-Study guides]

BibComment


ยังไม่เคยถูกคอมเมนท์

คอมเมนท์ทรัพยากรรายการนี้
  คอมเมนท์: Cambridge Prepar..


 Copyright 2026. Bcnsprnw @Library